01290nam a2200337Ia 4500001000700000003000500007008004100012010001100053020001800064040000900082082001900091100004600110245012600156260006100282300001000343440004200353503003800395504007000433650005800503650004400561700004400605710004100649901001900690902000600709910000900715942000600724942000700730999001900737952009800756952009800854Z_3323CHAP220113s1993 xx 000 0 und d a166432 a970-620-318-4 cCHAP a636.208520 M46 aMendoza Martínez, Germán David974686 aAlimentación de ganado bovino con dietas altas en granos /cGermán David Mendoza Martínez y Raúl Ricalde Velasco aMéxico :bUniversidad Autónoma Metropolitana,c1993 a97 p. aColección : Libros de texto9140513 aej.1: fotocopia \ ej.2: fotocopia aBibliografía: p. 82 - 91, incluye índice de figuras y cuadros aGanado vacuno xx Alimentación y alimentos9137461 aGanado vacuno xx Nutrición 9140514 aRicalde Velasco, Raúl, couat.9140515 aUniversidad Autónoma Metropolitana a636.208520 M46 aM a1993 c1 cc1 c166432d166432 00102ddc40708GRALaZbZc1d2014-05-08pz_2333r2022-01-18 00:00:00t1w2022-01-18yLIBRO 00102ddc40708GRALaZbZc1d2014-05-08pz_2334r2022-01-18 00:00:00t2w2022-01-18yLIBRO